Normal view
MARC view
- Education
Entry Topical Term
001 - CONTROL NUMBER
- control field: 107321
003 - CONTROL NUMBER IDENTIFIER
- control field: NUST
005 - DATE AND TIME OF LATEST TRANSACTION
- control field: 20230123084523.0
008 - FIXED-LENGTH DATA ELEMENTS
- fixed length control field: 230123|| aca||aabn | a|a d
040 ## - CATALOGING SOURCE
- Original cataloging agency: NUST
- Transcribing agency: NUST
150 ## - HEADING--TOPICAL TERM
- Topical term or geographic name entry element: Education
- Geographic subdivision: Developing countries
- General subdivision: Data processing
670 ## - SOURCE DATA FOUND
- Source citation: Work cat.: (NUST)185880: Microcomputer applications in education and training for developing countries : , 1987.
